[Event "Phuket Blue Chevaliers op"]
[Site "Phuket"]
[Date "2023.07.27"]
[Round "7"]
[White "Shkapenko, Pavel"]
[Black "Badmatsyrenov, Oleg"]
[Result "0-1"]
[WhiteElo "2417"]
[BlackElo "2440"]
[PlyCount "134"]
[EventDate "2023.07.23"]
[EventType "swiss"]
[EventRounds "9"]
[EventCountry "THA"]
[SourceTitle "CBM 215 Extra"]
[Source "ChessBase"]
[SourceDate "2023.09.30"]
[SourceVersion "1"]
[SourceVersionDate "2023.09.30"]
[SourceQuality "1"]

1. e4 g6 2. d4 Bg7 3. Nc3 a6 4. a4 b6 5. Be3 Bb7 6. Nf3 d6 7. d5 Nf6 8. Be2 0-0 9. 0-0 c6 10. dxc6 Nxc6 11. Qd2 Rc8 12. Bh6 Na5 13. Bxg7 Kxg7 14. e5 dxe5 15. Qxd8 Rfxd8 16. Nxe5 Nd5 17. Nd3 Nxc3 18. bxc3 Rxc3 19. Nb4 Nc4 20. Bd3 Rc8 21. Rfb1 a5 22. Bxc4 R8xc4 23. Nd3 Rxc2 24. Ne1 Re2 25. Rxb6 Rxa4 26. Rbb1 Rxa1 27. Rxa1 Bd5 28. Nd3 Ra2 29. Re1 e6 30. h4 Rd2 31. Nc5 Rc2 32. Na4 Rc4 33. Ra1 Bc6 34. Nb2 Rb4 35. Nd3 Ra4 36. Rc1 Bb5 37. Ne5 Rxh4 38. Rc7 Be8 39. Nc4 Rd4 40. Nxa5 Rd5 41. Nc4 Rd7 42. Rc8 Rd1+ 43. Kh2 Rc1 44. Rxe8 Rxc4 45. Re7 h5 46. Ra7 g5 47. f3 h4 48. Ra8 Kg6 49. Rg8+ Kf5 50. Rf8 f6 51. Rf7 e5 52. Kh3 Rc1 53. Kh2 Rc6 54. Kh3 Kf4 55. Rf8 f5 56. Rf7 Re6 57. Rf8 e4 58. fxe4 Rxe4 59. Ra8 Re3+ 60. Kh2 Kg4 61. Ra4+ f4 62. Rb4 h3 63. gxh3+ Rxh3+ 64. Kg2 Re3 65. Rb5 Re2+ 66. Kf1 Ra2 67. Kg1 f3 0-1

[Event "Phuket Blue Chevaliers op"]
[Site "Phuket"]
[Date "2023.07.26"]
[Round "5"]
[White "Najdin, Danil"]
[Black "Shkapenko, Pavel"]
[Result "0-1"]
[WhiteElo "2197"]
[BlackElo "2417"]
[PlyCount "60"]
[EventDate "2023.07.23"]
[EventType "swiss"]
[EventRounds "9"]
[EventCountry "THA"]
[SourceTitle "CBM 215 Extra"]
[Source "ChessBase"]
[SourceDate "2023.09.30"]
[SourceVersion "1"]
[SourceVersionDate "2023.09.30"]
[SourceQuality "1"]

1. e4 c5 2. Nf3 e6 3. d4 cxd4 4. Nxd4 Nf6 5. Nc3 Nc6 6. Nxc6 bxc6 7. e5 Nd5 8. Ne4 Bb7 9. Be2 c5 10. 0-0 Qc7 11. Nd6+ Bxd6 12. exd6 Qc6 13. f3 Nb6 14. c4 0-0 15. Bf4 Rae8 16. Qd2 e5 17. Be3 Re6 18. Rfd1 Rg6 19. Qa5 Nxc4 20. Qxc5 Nxe3 21. Qxe3 Rxd6 22. Qxe5 Qb6+ 23. Kf1 Re6 24. Qd4 Qc7 25. Bc4 Rf6 26. Kg1 Rf4 27. Bxf7+ R8xf7 28. Qxa7 Rh4 29. g3 Rc4 30. Rd4 Rc1+ 0-1

[Event "Phuket Blue Chevaliers op"]
[Site "Phuket"]
[Date "2023.07.25"]
[Round "4"]
[White "Shkapenko, Pavel"]
[Black "Koganti, Ashleesh"]
[Result "1-0"]
[WhiteElo "2417"]
[BlackElo "1722"]
[PlyCount "129"]
[EventDate "2023.07.23"]
[EventType "swiss"]
[EventRounds "9"]
[EventCountry "THA"]
[SourceTitle "CBM 215 Extra"]
[Source "ChessBase"]
[SourceDate "2023.09.30"]
[SourceVersion "1"]
[SourceVersionDate "2023.09.30"]
[SourceQuality "1"]

1. e4 e6 2. d4 d5 3. exd5 exd5 4. Nf3 Bd6 5. c4 Nf6 6. Nc3 0-0 7. c5 Be7 8. Bf4 b6 9. cxb6 axb6 10. Be2 c5 11. 0-0 Nc6 12. Bb5 Bb7 13. Re1 Nxd4 14. Nxd4 cxd4 15. Ne2 Bb4 16. Rf1 Ne4 17. Nxd4 Qf6 18. Be3 Nd2 19. Bxd2 Qxd4 20. Be3 Qf6 21. Bd4 Qh6 22. Be3 Qf6 23. Qd4 Qxd4 24. Bxd4 Bc5 25. Rfd1 Bxd4 26. Rxd4 Rfc8 27. Rb4 Ba6 28. Bd7 Rc7 29. Bh3 Bc8 30. Rxb6 Rxa2 31. Re1 Re7 32. Rd1 Re8 33. Bxc8 Rxc8 34. g3 g6 35. Rxd5 Rc1+ 36. Kg2 Rc2 37. Rdb5 Kg7 38. Rb7 Ra6 39. Rb3 Rf6 40. Rf3 h5 41. h4 Rxf3 42. Kxf3 Kf6 43. Ke3 Kg7 44. b4 Rb2 45. b5 Rb4 46. b6 Kf6 47. Rb8 Ke6 48. Kd3 Kf5 49. Kc3 Rb1 50. f3 Ke5 51. Kc4 Kd6 52. Rb7 Ke6 53. Kc5 Rc1+ 54. Kd4 Rg1 55. Rb8 Kd6 56. Kc4 Rc1+ 57. Kb5 Rb1+ 58. Ka6 Ra1+ 59. Kb7 Ra3 60. Rd8+ Ke7 61. Rd5 Rxf3 62. Kc6 Rc3+ 63. Rc5 Rb3 64. b7 Rxb7 65. Kxb7 1-0

[Event "Phuket Blue Chevaliers op"]
[Site "Phuket"]
[Date "2023.07.24"]
[Round "2"]
[White "Shkapenko, Pavel"]
[Black "Dominguez, Didier"]
[Result "1-0"]
[WhiteElo "2417"]
[BlackElo "1872"]
[PlyCount "45"]
[EventDate "2023.07.23"]
[EventType "swiss"]
[EventRounds "9"]
[EventCountry "THA"]
[SourceTitle "CBM 215 Extra"]
[Source "ChessBase"]
[SourceDate "2023.09.30"]
[SourceVersion "1"]
[SourceVersionDate "2023.09.30"]
[SourceQuality "1"]

1. e4 c5 2. c3 Nf6 3. e5 Nd5 4. d4 e6 5. dxc5 Bxc5 6. Qg4 Bf8 7. Nf3 d6 8. Nbd2 dxe5 9. Nxe5 a6 10. Ndf3 Nd7 11. Bd3 Nxe5 12. Nxe5 Nf6 13. Qg3 g6 14. Bg5 Be7 15. Rd1 Nd7 16. h4 Bxg5 17. hxg5 Qe7 18. Bxg6 fxg6 19. Nxg6 hxg6 20. Rxh8+ Nf8 21. Qf3 Bd7 22. Rxd7 Kxd7 23. Qxb7+ 1-0

[Event "Johor op-A 7th"]
[Site "Johor"]
[Date "2022.12.28"]
[Round "4"]
[White "Fominyh, Alexander"]
[Black "Shkapenko, Pavel"]
[Result "1/2-1/2"]
[WhiteElo "2265"]
[BlackElo "2424"]
[PlyCount "22"]
[EventDate "2022.12.26"]
[EventType "swiss"]
[EventRounds "9"]
[EventCountry "MAS"]
[SourceTitle "CBM 212 Extra"]
[Source "ChessBase"]
[SourceDate "2023.03.31"]
[SourceVersion "1"]
[SourceVersionDate "2023.03.31"]
[SourceQuality "1"]

1. c4 e5 2. Nc3 Bb4 3. Nf3 Bxc3 4. dxc3 d6 5. g3 Nf6 6. Bg2 h6 7. 0-0 0-0 8. b3 a5 9. a4 Nbd7 10. Ba3 Re8 11. Ne1 Nf8 1/2-1/2

[Event "Johor op-A 7th"]
[Site "Johor"]
[Date "2022.12.27"]
[Round "2"]
[White "Rajasa, Muhammad Andi"]
[Black "Shkapenko, Pavel"]
[Result "0-1"]
[WhiteElo "1882"]
[BlackElo "2424"]
[PlyCount "126"]
[EventDate "2022.12.26"]
[EventType "swiss"]
[EventRounds "9"]
[EventCountry "MAS"]
[SourceTitle "CBM 212 Extra"]
[Source "ChessBase"]
[SourceDate "2023.03.31"]
[SourceVersion "1"]
[SourceVersionDate "2023.03.31"]
[SourceQuality "1"]

1. d4 Nf6 2. c4 e6 3. Nc3 Bb4 4. Qc2 Nc6 5. Nf3 d6 6. e3 e5 7. d5 Bxc3+ 8. Qxc3 Ne7 9. Nd2 Ng6 10. Bd3 0-0 11. Qc2 a5 12. b3 Nd7 13. Ba3 Nc5 14. Bxc5 dxc5 15. 0-0-0 f5 16. a4 e4 17. Be2 Qe7 18. g3 Bd7 19. Nb1 Ne5 20. h3 Nf7 21. Nc3 Nd6 22. h4 Qe5 23. Qb2 Rae8 24. Nb1 Qxb2+ 25. Kxb2 Kf7 26. Nc3 Kf6 27. Kc2 Ke5 28. Rdg1 g6 29. Rh2 Rf7 30. Re1 Ref8 31. Rg2 h6 32. Rh2 Ne8 33. f4+ exf3 34. Bxf3 Nd6 35. e4 fxe4 36. Nxe4 Nxe4 37. Bxe4 Rf2+ 38. Rxf2 Rxf2+ 39. Kd3 g5 40. hxg5 hxg5 41. Re3 Kf6 42. Kc3 Bg4 43. Kd3 Bd1 44. Kc3 g4 45. Bd3 Rf3 46. Re6+ Kf7 47. Kd2 Bxb3 48. Rh6 Ke7 49. Rh7+ Rf7 50. Rh4 Rg7 51. Be2 Bxa4 52. Bxg4 Bb3 53. Be2 Rxg3 54. Kc1 a4 55. Kb2 a3+ 56. Kxa3 Bxc4+ 57. Kb2 Bxe2 58. Re4+ Kd6 59. Rxe2 Kxd5 60. Re7 b5 61. Rxc7 Kc4 62. Rh7 Rg2+ 63. Kc1 Kb4 0-1

[Event "Johor op-A 7th"]
[Site "Johor"]
[Date "2022.12.27"]
[Round "3"]
[White "Shkapenko, Pavel"]
[Black "Genkeswaran, Genivan"]
[Result "1/2-1/2"]
[WhiteElo "2424"]
[BlackElo "1576"]
[PlyCount "41"]
[EventDate "2022.12.26"]
[EventType "swiss"]
[EventRounds "9"]
[EventCountry "MAS"]
[SourceTitle "CBM 212 Extra"]
[Source "ChessBase"]
[SourceDate "2023.03.31"]
[SourceVersion "1"]
[SourceVersionDate "2023.03.31"]
[SourceQuality "1"]

1. e4 e5 2. Nf3 Nc6 3. g3 Bc5 4. Bg2 d6 5. 0-0 Nf6 6. d3 0-0 7. c3 Bg4 8. h3 Bh5 9. Nbd2 Re8 10. b4 Bb6 11. a4 a6 12. Bb2 Bg6 13. Nh4 Ne7 14. Nc4 Ba7 15. b5 Nc8 16. Re1 Nb6 17. Ne3 Nbd7 18. Kh2 axb5 19. axb5 Bxe3 20. Rxe3 Rxa1 21. Bxa1 1/2-1/2

[Event "Titled Tuesday intern op 02nd Aug Early"]
[Site "Chess.com INT"]
[Date "2022.08.02"]
[Round "10"]
[White "Shkapenko, Pavel"]
[Black "Leenhouts, Koen"]
[Result "1-0"]
[WhiteElo "2424"]
[BlackElo "2442"]
[PlyCount "43"]
[EventDate "2022.08.02"]
[EventType "swiss (blitz)"]
[EventRounds "11"]
[EventCountry "USA"]
[SourceTitle "EXT 2023"]
[Source "ChessBase"]
[SourceDate "2022.10.05"]
[SourceVersion "1"]
[SourceVersionDate "2022.10.05"]
[SourceQuality "1"]

1. e4 c5 2. c3 Nf6 3. e5 Nd5 4. d4 cxd4 5. cxd4 d6 6. Nf3 e6 7. Nc3 Nxc3 8. bxc3 Qc7 9. Bd2 b6 10. Bb5+ Nd7 11. Ng5 Be7 12. Qh5 Bxg5 13. Qxg5 0-0 14. Qg3 Kh8 15. exd6 Qd8 16. 0-0 Bb7 17. Rfe1 Nf6 18. Bd3 Qd7 19. Bg5 Ne8 20. Be7 Rg8 21. Bxh7 Nxd6 22. Bd3 1-0